000 00505nam a22001817a 4500
005 20251108170923.0
008 250721s9999 xx 000 0 ara d
082 1 4 _a615.8/يوي
100 1 _aيويريش، ن
245 1 0 _aالعلاج بعسل النحل /
264 1 _aبيروت :
_bدار القلم،
_c[19-].
300 _a180ص
650 1 7 _aالطب الشعبي
650 1 7 _aعسل النحل
700 1 _aالحلوجي، محمد
_eترجمة
942 _2ddc
_cBK
999 _c52137
_d52137